1079 1464 1177 1894 1824 1979 1875 1003 1589 1198 1329 1174 1753 1403 1081 1503 1542 1793 1622 1718 1853 1809 1438 1781 1618 1168 1764 1212 1956 1792 1355 1197 1261 1616 1676 1328 1029 1257 1949 1495 1016 1513 1005 1298 1340 1998 1383 1592 1183 1527 1542 1389 1991 1039 1684 1506 1197 1481 1745 1163 1869 1780 1355 1897 1580 1398 1277 1694 1433 1208 1267 1818 1734 1668 1078 1563 1993 1198 1714 1886 1518 1416 1070 1064 1843 1621 1987 1575 1737 1198 1074 1762 1104 1414 1055 1112 1584 1370 1638 BCNSPRNW ULIB Ver.6.0+V

เปลี่ยนเป็นภาษาไทย

Change to English
 แสดงรายละเอียดบรรณานุกรม
  กลับหน้าหลัก

Brief Record : Get Marc (ISO 2709) : E-mail record : QR code < ปิดหน้าต่าง
LEADER : 00000nam 2200000uu 4500
001    13399121251
003     ULIB
008    121113s2554||||th 000 0 tha d
020    ^a9786167164731
050 4  ^aBF1486.T5^bฟ257ย
100 0  ^aเฟรด, เจสัน
245 00 ^aยกเครื่องความคิด/^cเฟรด, เจสัน,เขียน,^cอาสยา ฐกัดกุล
260    ^aกรุงเทพฯ:^bวีเลิร์น;^c2554.
300    ^a287 หน้า:;^c14 ซม.
650  7 ความคิด
700 0  ^aแฮนสัน, ฮีนีมเมอร์ เดวิด
945    ^p180^l0^i033026
945    ^p180^l0^i033027
995    ทศพร
999    ^aทศพร
รายการนี้ยังไม่มีแท็ก
คุณยังไม่ได้ล็อกอิน คุณสามารถมีกิจกรรมร่วมกับเว็บไซต์ได้ แต่ต้องล็อกอินก่อน ::
  ล็อกอิน

รายการสื่อสารสนเทศ

ลำดับที่ ประเภท เลขเรียก/บาร์โค้ด สถานที่ สถานะ
1. วิทยาศาสตร์การแพทย์ และสุขภาพ
หนังสือสำรอง
สถานะ=หนังสือสำรอง
BF1486.T5 ฟ257ย ฉ.1 
  Barcode: 033026
ห้องสมุดวิทยาเขตสวรรค์ประชารักษ์
►หนังสือทั่วไป
บนชั้น
2. วิทยาศาสตร์การแพทย์ และสุขภาพ
วิทยาศาสตร์การแพทย์ และสุขภาพ
BF1486.T5 ฟ257ย ฉ.2 
  Barcode: 033027
ห้องสมุดวิทยาเขตสวรรค์ประชารักษ์
►หนังสือทั่วไป
บนชั้น

รายการใกล้เคียง
    ผู้แต่ง [เฟรด, เจสัน]

    หัวเรื่อง [ความคิด]

BibComment


ยังไม่เคยถูกคอมเมนท์

คอมเมนท์ทรัพยากรรายการนี้
  คอมเมนท์: ยกเครื่องความคิด..


 Copyright 2026. Bcnsprnw @Library